[Event "CZECH OPEN 2011 "]
[Site "Pardubice (CZE)"]
[Date "2011.07.23"]
[Round "2.39"]
[White "Baryshpolets, Andrey"]
[Black "Heidrich, Manfred"]
[Result "1/2-1/2"]
[WhiteElo "2474"]
[BlackElo "2312"]
[PlyCount "88"]
[EventDate "2011.07.22"]

1. d4 f5 2. g3 Nf6 3. Bg2 g6 4. Nf3 Bg7 5. O-O d6 6. b3 e5 7. dxe5 Ng4 8. Bg5
Qd7 9. e6 Qxe6 10. Nd4 Qe5 11. c3 O-O 12. Nd2 Na6 13. Nc4 Qe8 14. b4 Ne5 15.
Qb3 Kh8 16. Rad1 Nf7 17. Bf4 Qe7 18. Rfe1 Qf6 19. Qa3 g5 20. Bc1 f4 21. Na5 Rb8
22. Nxb7 Rxb7 23. Qxa6 Rxb4 24. Qxa7 Rc4 25. Bb2 Ne5 26. Nf3 Rc5 27. Nxe5 Qxe5
28. e3 f3 29. Bf1 Be6 30. Rd4 Bd5 31. c4 Ra8 32. Rxd5 Qxd5 33. Bxg7+ Kxg7 34.
Qxc7+ Rxc7 35. cxd5 Rxa2 36. Bd3 Rca7 37. h3 R7a4 38. g4 h5 39. gxh5 g4 40. Rf1
gxh3 41. Kh2 Rg4 42. Kxh3 Rg2 43. Be4 Raxf2 44. Rxf2 Rxf2 1/2-1/2

[Event "CZECH OPEN 2011 "]
[Site "Pardubice (CZE)"]
[Date "2011.07.23"]
[Round "2.25"]
[White "De La Villa Garcia, Jesus Maria"]
[Black "Schuh, Dirk"]
[Result "1-0"]
[WhiteElo "2490"]
[BlackElo "2364"]
[PlyCount "53"]
[EventDate "2011.07.22"]

1. d4 Nf6 2. c4 e5 3. dxe5 Ng4 4. e3 Nxe5 5. f4 Nec6 6. Nf3 g6 7. Bd2 Bg7 8.
Bc3 O-O 9. Bxg7 Kxg7 10. Nc3 d6 11. Qd2 Nd7 12. Bd3 Nc5 13. Bc2 Be6 14. Nd4 Qf6
15. b3 Nxd4 16. exd4 Nd7 17. O-O c5 18. f5 Bxf5 19. Bxf5 gxf5 20. Ne4 Qxd4+ 21.
Qxd4+ cxd4 22. Nxd6 d3 23. Rxf5 f6 24. Rd5 Ne5 25. Nxb7 Kg6 26. Rd1 Rfe8 27.
Nc5 1-0

[Event "CZECH OPEN 2011 "]
[Site "Pardubice (CZE)"]
[Date "2011.07.23"]
[Round "2.26"]
[White "Caletka, Radomir"]
[Black "Arun Prasad, S."]
[Result "1/2-1/2"]
[WhiteElo "2357"]
[BlackElo "2489"]
[PlyCount "66"]
[EventDate "2011.07.22"]

1. d4 Nf6 2. c4 e6 3. g3 d5 4. Nf3 Bb4+ 5. Bd2 Be7 6. Bg2 O-O 7. O-O c6 8. Qc2
b6 9. Bf4 Nbd7 10. Nc3 Ba6 11. cxd5 cxd5 12. Qa4 Qc8 13. Rac1 Qb7 14. Nb5 Rac8
15. Ne5 Nxe5 16. Bxe5 Ne4 17. Bf4 Rfd8 18. Rfd1 h6 19. Bf1 Bxb5 20. Qxb5 Bg5
21. Bxg5 hxg5 22. Qd3 Rxc1 23. Rxc1 Rc8 24. Rc2 Nd6 25. b3 Rxc2 26. Qxc2 Qc8
27. Qxc8+ Nxc8 28. e3 Nd6 29. f3 f6 30. Kf2 Kf7 31. Bd3 e5 32. Ke2 Ke6 33. Kd2
exd4 1/2-1/2

[Event "CZECH OPEN 2011 "]
[Site "Pardubice (CZE)"]
[Date "2011.07.23"]
[Round "2.42"]
[White "Levin, Evgeny"]
[Black "Nemcova, Katerina"]
[Result "1/2-1/2"]
[WhiteElo "2465"]
[BlackElo "2307"]
[PlyCount "30"]
[EventDate "2011.07.22"]

1. d4 Nf6 2. Nf3 e6 3. Bg5 d5 4. e3 b6 5. c4 Be7 6. Nc3 O-O 7. Bd3 dxc4 8. Bxc4
Bb7 9. O-O h6 10. Bh4 Ne4 11. Bg3 Nxg3 12. hxg3 c5 13. Qe2 cxd4 14. exd4 Bb4
15. Rfd1 Bxc3 1/2-1/2

[Event "CZECH OPEN 2011 "]
[Site "Pardubice (CZE)"]
[Date "2011.07.23"]
[Round "2.43"]
[White "Ruckschloss, Karol"]
[Black "Smith, Axel"]
[Result "0-1"]
[WhiteElo "2312"]
[BlackElo "2465"]
[PlyCount "67"]
[EventDate "2011.07.22"]

1. c4 e6 2. d4 Nf6 3. Nf3 d5 4. e3 b6 5. cxd5 exd5 6. Ne5 Bb7 7. Bb5+ c6 8. Bd3
Bd6 9. O-O O-O 10. Nc3 c5 11. Nb5 Be7 12. b3 Nc6 13. Bb2 a6 14. Nc3 cxd4 15.
exd4 Nxd4 16. Bxh7+ Nxh7 17. Qxd4 Bc5 18. Qg4 Nf6 19. Qh3 Re8 20. Na4 d4 21.
Nxc5 bxc5 22. Nd3 Qd5 23. Rac1 Rac8 24. Rfe1 Ne4 25. f3 Nc3 26. Bxc3 dxc3 27.
Red1 Rcd8 28. Qh4 Re2 29. Nf2 Rd2 30. Re1 c2 31. Ne4 Qd4+ 32. Kh1 f5 33. Qe7
fxe4 34. Qxb7 0-1

[Event "CZECH OPEN 2011 "]
[Site "Pardubice (CZE)"]
[Date "2011.07.23"]
[Round "2.44"]
[White "Meissner, Felix"]
[Black "Velicka, Petr"]
[Result "0-1"]
[WhiteElo "2268"]
[BlackElo "2461"]
[PlyCount "90"]
[EventDate "2011.07.22"]

1. e4 d5 2. exd5 Qxd5 3. Nf3 Nf6 4. d4 Bg4 5. Be2 e6 6. O-O Be7 7. c4 Qd8 8.
Qb3 Qc8 9. Nc3 O-O 10. Bg5 Nbd7 11. Rfe1 Re8 12. Rad1 c6 13. Ne5 Bxe2 14. Rxe2
Qc7 15. Nxd7 Qxd7 16. Red2 Qc7 17. Bxf6 Bxf6 18. Ne4 Be7 19. d5 exd5 20. cxd5
cxd5 21. Rxd5 Rad8 22. Nc3 Qc6 23. h3 h6 24. R1d3 a6 25. Qd1 Rxd5 26. Nxd5 Bf8
27. Nc3 Rc8 28. Rd8 Rxd8 29. Qxd8 Qd6 30. Qxd6 Bxd6 31. Kf1 Be5 32. Ke2 Bxc3
33. bxc3 Kf8 34. Kd3 Ke7 35. Kd4 Kd6 36. f4 f5 37. h4 h5 38. Kc4 b6 39. Kd4 b5
40. c4 b4 41. c5+ Kc6 42. Kc4 a5 43. Kd4 a4 44. Kc4 b3 45. axb3 a3 0-1

[Event "CZECH OPEN 2011 "]
[Site "Pardubice (CZE)"]
[Date "2011.07.23"]
[Round "2.45"]
[White "Andreev, Eduard"]
[Black "Yuffa, Daniil"]
[Result "1-0"]
[WhiteElo "2458"]
[BlackElo "2302"]
[PlyCount "87"]
[EventDate "2011.07.22"]

1. e4 c5 2. Nf3 Nc6 3. Bb5 e6 4. O-O Nge7 5. Nc3 a6 6. Bxc6 Nxc6 7. d4 cxd4 8.
Nxd4 d6 9. Nxc6 bxc6 10. Qg4 h5 11. Qe2 Be7 12. Be3 Qa5 13. Bd2 Qc7 14. Na4 h4
15. h3 Bf6 16. Rad1 Rb8 17. Bf4 e5 18. Bc1 O-O 19. c4 Be6 20. b3 Rfd8 21. Nc3
Qa5 22. Rd3 Qb4 23. Rfd1 a5 24. Qc2 Be7 25. f4 exf4 26. Bxf4 Rd7 27. Ne2 Qc5+
28. Kh1 Rf8 29. Qd2 a4 30. Nd4 axb3 31. axb3 d5 32. cxd5 cxd5 33. e5 Ra8 34.
Bg5 Bxg5 35. Qxg5 Qe7 36. Qh5 g6 37. Qh6 Rb7 38. Nxe6 Qxe6 39. Rxd5 Re8 40.
R1d4 Rb4 41. Rxb4 Qxd5 42. Rxh4 Qxe5 43. Qh7+ Kf8 44. Qh8+ 1-0

[Event "CZECH OPEN 2011 "]
[Site "Pardubice (CZE)"]
[Date "2011.07.23"]
[Round "2.46"]
[White "Folkova, Martina"]
[Black "Neuman, Petr"]
[Result "0-1"]
[WhiteElo "2136"]
[BlackElo "2454"]
[PlyCount "70"]
[EventDate "2011.07.22"]

1. e4 c6 2. d4 d5 3. exd5 cxd5 4. c4 Nf6 5. Nc3 Nc6 6. Nf3 Bg4 7. Be2 dxc4 8.
Be3 e6 9. Bxc4 Be7 10. h3 Bxf3 11. Qxf3 Nxd4 12. Bxd4 Qxd4 13. Bb5+ Kf8 14. O-O
Qb6 15. a4 a6 16. a5 Qa7 17. Bc4 g6 18. Na4 Kg7 19. Nb6 Rad8 20. Qc3 Qb8 21.
Bb3 Rd6 22. Ra4 Rhd8 23. Rc4 Rd3 24. Qc2 Qe5 25. Nc8 Bf8 26. Rc1 Rd2 27. Qc3
Qxc3 28. bxc3 Rb2 29. Ba4 Rdd2 30. Rf1 Nd5 31. Be8 Ne3 32. Rf4 Nxf1 33. Rxf7+
Kg8 34. Nb6 Rxf2 35. Rc7 Ne3 0-1

[Event "CZECH OPEN 2011 "]
[Site "Pardubice (CZE)"]
[Date "2011.07.23"]
[Round "2.47"]
[White "Mueller, Jan-Hendrik"]
[Black "Llorente Zaro, Alfonso"]
[Result "0-1"]
[WhiteElo "2099"]
[BlackElo "2453"]
[PlyCount "62"]
[EventDate "2011.07.22"]

1. c4 e5 2. g3 Nf6 3. Bg2 c6 4. d4 e4 5. Nc3 d5 6. cxd5 cxd5 7. Bg5 Bb4 8. Nh3
Nbd7 9. Rc1 h6 10. Bd2 Bxc3 11. Bxc3 O-O 12. Bb4 Re8 13. O-O b6 14. f3 Ba6 15.
fxe4 Nxe4 16. Nf4 Ndf6 17. Qa4 Bb7 18. Nd3 Ng4 19. Rf4 Ne3 20. Bh3 a5 21. Ba3
Bc8 22. Bxc8 Rxc8 23. Qb5 Rxc1+ 24. Nxc1 Ng5 25. Kh1 Nc4 26. Qb3 Qc8 27. Qd1
Nh3 28. Rf3 Qg4 29. Qd3 Re4 30. Nb3 a4 31. Nd2 Rxd4 0-1

[Event "CZECH OPEN 2011 "]
[Site "Pardubice (CZE)"]
[Date "2011.07.23"]
[Round "2.58"]
[White "Kravtsiv, Martyn"]
[Black "Birioukov, Oleg"]
[Result "1-0"]
[WhiteElo "2571"]
[BlackElo "2339"]
[PlyCount "57"]
[EventDate "2011.07.22"]

1. e4 c5 2. Nf3 Nc6 3. d4 cxd4 4. Nxd4 g6 5. Nc3 Bg7 6. Be3 Nf6 7. Bc4 O-O 8.
Bb3 d6 9. f3 Nxd4 10. Bxd4 Qa5 11. O-O Be6 12. Kh1 Nd7 13. Bxg7 Kxg7 14. f4 Nf6
15. Qf3 Bxb3 16. axb3 Qc5 17. Rae1 b5 18. e5 Ng8 19. Qd3 b4 20. Ne4 Qb6 21.
exd6 Rfd8 22. f5 exd6 23. Qd5 f6 24. fxg6 hxg6 25. Nxf6 Rf8 26. Nxg8 Rxf1+ 27.
Rxf1 Rxg8 28. Qf7+ Kh8 29. Rf3 1-0

[Event "CZECH OPEN 2011 "]
[Site "Pardubice (CZE)"]
[Date "2011.07.23"]
[Round "2.59"]
[White "Simek, Petr"]
[Black "Simantsev, Mikhail"]
[Result "0-1"]
[WhiteElo "2307"]
[BlackElo "2558"]
[PlyCount "92"]
[EventDate "2011.07.22"]

1. d4 c5 2. d5 d6 3. c4 Nf6 4. Nc3 e6 5. Nf3 exd5 6. cxd5 g6 7. g3 Bg7 8. Bg2
O-O 9. O-O Na6 10. Nd2 Nc7 11. Nc4 Nh5 12. a4 b6 13. Nb5 Nxb5 14. axb5 f5 15.
Bd2 Re8 16. Re1 Qc7 17. Qb3 Bb7 18. Ra3 Nf6 19. Bf4 Bf8 20. Kf1 Ne4 21. f3 Nf6
22. e4 fxe4 23. fxe4 Qf7 24. Qf3 Qd7 25. Rae3 Qxb5 26. b3 Qd7 27. Kg1 Ng4 28.
Bh3 h5 29. e5 dxe5 30. Nxe5 Rxe5 31. Bxe5 Qxd5 32. Qxd5+ Bxd5 33. Rd3 Bf7 34.
Bb2 c4 35. bxc4 Bxc4 36. Rd7 Bb5 37. Rd5 Bc6 38. Bg2 Rc8 39. Rd2 Bxg2 40. Rxg2
Bc5+ 41. Kh1 Nf2+ 42. Rxf2 Bxf2 43. Re6 Rc2 44. Rxg6+ Kf7 45. Rf6+ Ke7 46. Be5
b5 0-1

[Event "CZECH OPEN 2011 "]
[Site "Pardubice (CZE)"]
[Date "2011.07.23"]
[Round "2.82"]
[White "Vrublevskaya, Olga"]
[Black "Freisler, Pavel"]
[Result "0-1"]
[WhiteElo "2093"]
[BlackElo "2351"]
[PlyCount "58"]
[EventDate "2011.07.22"]

1. d4 Nf6 2. c4 e6 3. Nf3 Bb4+ 4. Bd2 Qe7 5. e3 b6 6. Bd3 Bb7 7. O-O Bxd2 8.
Nbxd2 d6 9. e4 e5 10. d5 O-O 11. b4 a5 12. a3 Nh5 13. Re1 g6 14. Nb3 axb4 15.
axb4 Nd7 16. Qc2 c5 17. dxc6 Bxc6 18. Qe2 Nf4 19. Qe3 Nf6 20. h3 Bb7 21. Bc2
Rxa1 22. Nxa1 Ra8 23. Nd2 Ra2 24. Bb3 Rxd2 25. Qxd2 Nxe4 26. Qe3 Ng5 27. Nc2
Bxg2 28. f3 Nxf3+ 29. Kf2 Nxe1 0-1

[Event "CZECH OPEN 2011 "]
[Site "Pardubice (CZE)"]
[Date "2011.07.23"]
[Round "2.83"]
[White "Cerveny, Martin"]
[Black "Goryachkina, Aleksandra"]
[Result "0-1"]
[WhiteElo "2347"]
[BlackElo "2153"]
[PlyCount "92"]
[EventDate "2011.07.22"]

1. d4 d5 2. c4 c6 3. Nf3 Nf6 4. Nc3 dxc4 5. a4 Bf5 6. e3 Nbd7 7. Bxc4 e6 8. O-O
Bb4 9. Qb3 a5 10. Bd2 O-O 11. Rfe1 Bg4 12. Na2 Bxd2 13. Nxd2 Qb6 14. Nc1 Rfd8
15. Nd3 Qa7 16. Rac1 Rac8 17. Nf1 Bf5 18. Ne5 Nxe5 19. dxe5 Nd7 20. f4 Nc5 21.
Qa3 Bd3 22. Ba2 Na6 23. Ng3 Nb4 24. Bb3 c5 25. Bc4 Nc2 26. Rxc2 Bxc2 27. Rc1
Rd1+ 28. Rxd1 Bxd1 29. Ne4 Qb6 30. Nd6 Rd8 31. Qd3 Bxa4 32. f5 Qxb2 33. fxe6
Qxe5 34. Qf1 Qxd6 35. Qxf7+ Kh8 36. h4 Rf8 37. Qxb7 Qd1+ 38. Kh2 Qd6+ 39. Kg1
Bc6 40. Qb6 Qd1+ 41. Kh2 Bxg2 42. Kxg2 Qf3+ 43. Kh2 Qf2+ 44. Kh1 Qxh4+ 45. Kg1
Qe1+ 46. Kg2 Rf2+ 0-1

[Event "CZECH OPEN 2011 "]
[Site "Pardubice (CZE)"]
[Date "2011.07.23"]
[Round "2.86"]
[White "Gruenter, Martin"]
[Black "Vokac, Marek"]
[Result "0-1"]
[WhiteElo "2241"]
[BlackElo "2499"]
[PlyCount "176"]
[EventDate "2011.07.22"]

1. e4 c5 2. c3 d5 3. exd5 Qxd5 4. d4 Nf6 5. Nf3 e6 6. Na3 Qd8 7. Nc2 Nc6 8. Bd3
cxd4 9. Ncxd4 Be7 10. Nxc6 bxc6 11. O-O O-O 12. Qe2 Bb7 13. Ne5 c5 14. Rd1 Qb6
15. Bg5 Rad8 16. Bb5 a6 17. Ba4 Qa5 18. Bc6 Qc7 19. Bxb7 Qxb7 20. Nc4 h6 21.
Bxf6 Bxf6 22. Rd6 Rxd6 23. Nxd6 Qd5 24. Nc4 Rd8 25. Ne3 Qb7 26. Nc4 Rd5 27. Ne3
Re5 28. Rd1 Bg5 29. Qc2 g6 30. Nc4 Rd5 31. h3 h5 32. Rxd5 exd5 33. Ne5 Kg7 34.
Kf1 Bf6 35. Nf3 a5 36. Nd2 a4 37. c4 Bxb2 38. cxd5 Bd4 39. Qxa4 Qxd5 40. Qc4
Qf5 41. Qe2 Kf8 42. Nb3 Bf6 43. Kg1 Qd5 44. Na5 Bd4 45. Nc4 Qf5 46. Na5 Qb1+
47. Kh2 Qc1 48. Nb3 Qf4+ 49. Kg1 c4 50. Nxd4 Qxd4 51. Qc2 Qa1+ 52. Kh2 c3 53.
Qd3 Qb2 54. Qd4 Qd2 55. Qh8+ Ke7 56. Qe5+ Kd7 57. Qb5+ Kd6 58. Qb4+ Ke6 59.
Qb3+ Kf6 60. a4 c2 61. Qb2+ Ke6 62. Qb3+ Ke5 63. Qb8+ Kf5 64. Qb5+ Ke6 65. Qb3+
Ke7 66. Qb7+ Kf8 67. Qb8+ Kg7 68. Qe5+ Kh7 69. Qf6 Qd5 70. Qc3 Qd6+ 71. g3 Qd1
72. Qc7 Kg7 73. Qe5+ Kf8 74. Qc7 Ke8 75. Qc8+ Ke7 76. Qc7+ Ke6 77. Qc6+ Ke5 78.
Qc5+ Ke4 79. Qe3+ Kd5 80. Qb3+ Kd4 81. Qe3+ Kc4 82. Qe4+ Kb3 83. Qb7+ Kc3 84.
Qc7+ Kd2 85. Qf4+ Ke1 86. Qe4+ Qe2 87. Qh1+ Kxf2 88. h4 Qf1 0-1

[Event "CZECH OPEN 2011 "]
[Site "Pardubice (CZE)"]
[Date "2011.07.23"]
[Round "2.87"]
[White "Mishuchkov, Nikolay"]
[Black "Lyell, Mark"]
[Result "1/2-1/2"]
[WhiteElo "2415"]
[BlackElo "2224"]
[PlyCount "108"]
[EventDate "2011.07.22"]

1. d4 f5 2. Nf3 Nf6 3. g3 g6 4. Bg2 Bg7 5. O-O O-O 6. c4 d6 7. Nc3 Qe8 8. Nd5
Nxd5 9. cxd5 Nd7 10. Qc2 Nb6 11. Qxc7 Nxd5 12. Qa5 e6 13. Bf4 Nxf4 14. gxf4 Qe7
15. Rfc1 b6 16. Qa3 Bb7 17. e3 Bd5 18. Qa6 Qd7 19. Rc3 Rfc8 20. Rac1 Bb7 21.
Qa3 Bf8 22. Ne1 Rxc3 23. Rxc3 Bxg2 24. Kxg2 Qb7+ 25. f3 Rc8 26. Qb3 Kf7 27. Nd3
Rxc3 28. Qxc3 Be7 29. a4 Qa6 30. Qb3 Qa5 31. Qb4 Qd5 32. b3 Qc6 33. Qc4 Qxc4
34. bxc4 Ke8 35. e4 d5 36. cxd5 exd5 37. Kf2 Kd7 38. Ke3 Ke6 39. e5 Kd7 40. Kd2
Kc6 41. Kc3 a5 42. Kb3 b5 43. axb5+ Kxb5 44. Nb2 Bb4 45. Na4 Bd2 46. Nc3+ Kc6
47. Na2 h5 48. Kc2 Bb4 49. Nc3 Bf8 50. Kb3 Bb4 51. Kc2 Bf8 52. Kb3 Bh6 53. Na2
Kb5 54. Nc3+ Kc6 1/2-1/2

[Event "CZECH OPEN 2011 "]
[Site "Pardubice (CZE)"]
[Date "2011.07.23"]
[Round "2.88"]
[White "Martynov, Pavel"]
[Black "Kireev, Aleksei"]
[Result "0-1"]
[WhiteElo "2237"]
[BlackElo "2360"]
[PlyCount "108"]
[EventDate "2011.07.22"]

1. d4 d6 2. Nf3 g6 3. c4 Bg7 4. Nc3 c6 5. e4 e5 6. Be2 Nd7 7. Be3 Nh6 8. d5 c5
9. Nd2 O-O 10. Qc2 f5 11. f3 Nf6 12. a3 Nf7 13. b4 b6 14. Bd3 Bh6 15. Bf2 Bxd2+
16. Qxd2 f4 17. g4 h5 18. h3 Kg7 19. Qe2 Rh8 20. Kd2 Bd7 21. bxc5 bxc5 22. g5
Nxg5 23. h4 Nf7 24. Rab1 Qa5 25. Rb3 Rhb8 26. Rhb1 Rb6 27. Kc1 Rab8 28. Qa2 Ba4
29. Nxa4 Qxa4 30. Rxb6 Rxb6 31. Rxb6 axb6 32. Bc2 Qa5 33. Qb3 Ne8 34. Kd1 Nc7
35. Be1 Qa6 36. a4 Qa7 37. a5 bxa5 38. Qa4 Qb8 39. Bxa5 Ne8 40. Qb5 Qa8 41. Ba4
Nf6 42. Be1 Kh6 43. Qc6 Qb8 44. Bb5 g5 45. hxg5+ Kxg5 46. Qa6 h4 47. Qa2 h3 48.
Qf2 Qh8 49. Qg1+ Kh5 50. Bd7 Ng5 51. Bg4+ Kg6 52. Bf5+ Kf7 53. Ke2 h2 54. Qh1
Qh5 0-1

[Event "CZECH OPEN 2011 "]
[Site "Pardubice (CZE)"]
[Date "2011.07.23"]
[Round "2.89"]
[White "Wagener, Claude"]
[Black "Kriebel, Tadeas"]
[Result "1/2-1/2"]
[WhiteElo "2232"]
[BlackElo "2343"]
[PlyCount "101"]
[EventDate "2011.07.22"]

1. e4 c5 2. Nf3 d6 3. d4 cxd4 4. Nxd4 Nf6 5. Nc3 a6 6. Bd3 e5 7. Nde2 Be7 8.
O-O O-O 9. Kh1 b5 10. a3 Be6 11. f4 Nbd7 12. Ng3 Nc5 13. b4 Nxd3 14. cxd3 Rc8
15. Bb2 Ng4 16. Qe2 exf4 17. Rxf4 Bf6 18. Nd1 Bxb2 19. Qxb2 Qg5 20. Rf3 Ne5 21.
Re3 f5 22. exf5 Bxf5 23. Qb3+ Kh8 24. d4 Bc2 25. Qd5 Bxd1 26. Re1 Bf3 27. gxf3
Nxf3 28. Qxg5 Nxg5 29. Re7 h6 30. Ra2 Nh3 31. Nh5 Rf5 32. Ng3 Nf4 33. h4 Rd5
34. Rf7 Ne6 35. Re2 Kg8 36. Ra7 Rc1+ 37. Kh2 Rc7 38. Ra8+ Nf8 39. Rxa6 Rxd4 40.
Nf5 Rdc4 41. Rxd6 Rc2 42. Rxc2 Rxc2+ 43. Kg3 Rc3+ 44. Kf4 Rxa3 45. Rb6 Rc3 46.
Rxb5 Ng6+ 47. Kg4 Rc4+ 48. Kg3 Rc3+ 49. Kg4 Rc4+ 50. Kg3 Rc3+ 51. Kg4 1/2-1/2

[Event "CZECH OPEN 2011 "]
[Site "Pardubice (CZE)"]
[Date "2011.07.23"]
[Round "2.16"]
[White "Petr, Martin"]
[Black "Ponizil, Cyril"]
[Result "0-1"]
[WhiteElo "2523"]
[BlackElo "2388"]
[PlyCount "64"]
[EventDate "2011.07.22"]

1. e4 c5 2. Nf3 Nc6 3. d4 cxd4 4. Nxd4 e5 5. Nb5 d6 6. c4 Be7 7. N1c3 a6 8. Na3
Be6 9. Bd3 Bg5 10. O-O Rc8 11. Nd5 Bxc1 12. Rxc1 Nf6 13. Nc2 O-O 14. b4 Nd7 15.
Qd2 Qh4 16. Nce3 Qg5 17. f4 exf4 18. Nxf4 Nce5 19. Ned5 Nxd3 20. Qxd3 b5 21.
Qd4 Ne5 22. c5 h6 23. h4 Qxh4 24. cxd6 Ng4 25. Nh3 Qg3 26. Rfd1 Bxd5 27. Rxc8
Rxc8 28. d7 Rf8 29. Qc5 Qh2+ 30. Kf1 Bc4+ 31. Ke1 Qg3+ 32. Nf2 Rd8 0-1

[Event "CZECH OPEN 2011 "]
[Site "Pardubice (CZE)"]
[Date "2011.07.23"]
[Round "2.17"]
[White "Kulhanek, Tomas"]
[Black "Luther, Thomas"]
[Result "1/2-1/2"]
[WhiteElo "2375"]
[BlackElo "2515"]
[PlyCount "39"]
[EventDate "2011.07.22"]

1. e4 c6 2. d4 d5 3. exd5 cxd5 4. c4 Nf6 5. Nc3 e6 6. Nf3 Bb4 7. cxd5 Nxd5 8.
Qc2 Nc6 9. Bd3 Ba5 10. a3 h6 11. O-O O-O 12. Bc4 Nce7 13. Ba2 Bd7 14. Bb1 Nf6
15. Ne5 Nf5 16. Rd1 Bc6 17. Nxc6 bxc6 18. Ne4 Nxe4 19. Qxe4 Qd5 20. Qxd5
1/2-1/2

[Event "CZECH OPEN 2011 "]
[Site "Pardubice (CZE)"]
[Date "2011.07.23"]
[Round "2.18"]
[White "Andre, Gordon"]
[Black "Cvek, Robert"]
[Result "1/2-1/2"]
[WhiteElo "2368"]
[BlackElo "2506"]
[PlyCount "135"]
[EventDate "2011.07.22"]

1. d4 Nf6 2. c4 e6 3. Nf3 b6 4. a3 Ba6 5. Qc2 Bb7 6. Bf4 c5 7. dxc5 Bxc5 8. Nc3
O-O 9. e3 a6 10. Be2 Be7 11. Rd1 d6 12. h3 Qc7 13. O-O Nbd7 14. Bg3 Nc5 15. Nd2
Rfd8 16. b4 Ncd7 17. Nde4 Nxe4 18. Nxe4 Nf6 19. Bf3 Nxe4 20. Bxe4 Bxe4 21. Qxe4
Rac8 22. Rc1 Qc6 23. Qxc6 Rxc6 24. b5 Rc5 25. bxa6 Ra8 26. Rb1 Rxa6 27. Rb4 h5
28. Rfb1 h4 29. Bh2 d5 30. cxd5 Rxd5 31. R4b3 e5 32. e4 Rc5 33. Kf1 f6 34. g3
Rc2 35. gxh4 Bc5 36. Bg1 Ra2 37. f3 R6xa3 38. Rxa3 Rxa3 39. Bxc5 bxc5 40. Kf2
Ra8 41. Rc1 Rc8 42. Ke3 c4 43. f4 exf4+ 44. Kxf4 Kf7 45. Ke3 Kg6 46. Rg1+ Kh6
47. Kd2 c3+ 48. Kc2 Rc4 49. Rg4 Rc7 50. Rg3 Kh5 51. Rg4 g6 52. Rg1 Rc5 53. Rg3
Rc6 54. Rg1 Kh6 55. Rg4 f5 56. exf5 gxf5 57. Rf4 Rc5 58. Rf3 Kg6 59. Rxc3 Ra5
60. Kd3 Ra4 61. Rc6+ Kh5 62. Rf6 f4 63. Ke2 Kxh4 64. Kf3 Kg5 65. Rf8 Ra3+ 66.
Kf2 Rxh3 67. Rg8+ Kf5 68. Rf8+ 1/2-1/2

[Event "CZECH OPEN 2011 "]
[Site "Pardubice (CZE)"]
[Date "2011.07.23"]
[Round "2.21"]
[White "Alonso Rosell, Alvar"]
[Black "Sabol, Marian"]
[Result "1/2-1/2"]
[WhiteElo "2502"]
[BlackElo "2372"]
[PlyCount "43"]
[EventDate "2011.07.22"]

1. d4 Nf6 2. Nf3 d5 3. c4 c6 4. Nc3 a6 5. a4 g6 6. Bf4 Bg7 7. e3 O-O 8. h3 a5
9. Be2 Na6 10. O-O Bf5 11. Qb3 Nb4 12. Rfe1 Bd3 13. cxd5 cxd5 14. Qd1 Bxe2 15.
Qxe2 Ne4 16. Ne5 f6 17. Nd3 e5 18. Bh2 exd4 19. exd4 Re8 20. Qd1 Bh6 21. Nf4
Rc8 22. Nb5 1/2-1/2

[Event "CZECH OPEN 2011 "]
[Site "Pardubice (CZE)"]
[Date "2011.07.23"]
[Round "2.22"]
[White "Nun, Jiri"]
[Black "Gutman, Gennadi"]
[Result "1/2-1/2"]
[WhiteElo "2360"]
[BlackElo "2501"]
[PlyCount "34"]
[EventDate "2011.07.22"]

1. e4 c5 2. Nf3 d6 3. c3 Nf6 4. Bc4 Nc6 5. Qe2 Bg4 6. h3 Bh5 7. d3 e6 8. Nbd2
Be7 9. Bb3 d5 10. Bc2 Nd7 11. Nf1 Bg6 12. Ng3 O-O 13. O-O Qc7 14. Re1 Bd6 15.
Nf1 dxe4 16. dxe4 Bf4 17. Bxf4 Qxf4 1/2-1/2

[Event "CZECH OPEN 2011 "]
[Site "Pardubice (CZE)"]
[Date "2011.07.23"]
[Round "2.23"]
[White "Kalod, Radek"]
[Black "Belyakov, Bogdan"]
[Result "1/2-1/2"]
[WhiteElo "2500"]
[BlackElo "2367"]
[PlyCount "36"]
[EventDate "2011.07.22"]

1. e4 e5 2. Nf3 Nc6 3. Bc4 Nf6 4. d3 Bc5 5. c3 O-O 6. b4 Bb6 7. a4 a6 8. a5 Ba7
9. O-O d6 10. Nbd2 Ne7 11. Re1 Ng6 12. Nf1 c6 13. Bb3 Be6 14. Ng3 d5 15. exd5
Bxd5 16. c4 Be6 17. c5 Bxb3 18. Qxb3 Qd5 1/2-1/2

[Event "CZECH OPEN 2011 "]
[Site "Pardubice (CZE)"]
[Date "2011.07.23"]
[Round "2.24"]
[White "Yakunin, Alexey"]
[Black "Jansa, Vlastimil"]
[Result "0-1"]
[WhiteElo "2360"]
[BlackElo "2493"]
[PlyCount "36"]
[EventDate "2011.07.22"]

1. e4 c5 2. Nf3 e6 3. c3 Nf6 4. e5 Nd5 5. d4 cxd4 6. cxd4 b6 7. a3 Be7 8. Qa4
O-O 9. Bd3 Bb7 10. O-O Nc6 11. Re1 Rc8 12. Nbd2 d6 13. Bb1 Qd7 14. Qc2 g6 15.
Qd3 dxe5 16. dxe5 Rfd8 17. Ne4 Qc7 18. Nc3 Na5 0-1

[Event "CZECH OPEN 2011 "]
[Site "Pardubice (CZE)"]
[Date "2011.07.23"]
[Round "2.27"]
[White "Michiels, Bart"]
[Black "Kashlinskaya, Alina"]
[Result "0-1"]
[WhiteElo "2489"]
[BlackElo "2360"]
[PlyCount "114"]
[EventDate "2011.07.22"]

1. e4 e5 2. Nf3 Nc6 3. Bc4 Nf6 4. d3 Be7 5. Bb3 O-O 6. O-O d5 7. exd5 Nxd5 8.
h3 a5 9. a3 Nd4 10. Ba2 Ra6 11. Nxe5 Re6 12. Nf3 Ne2+ 13. Kh1 Nxc1 14. Qxc1 Rh6
15. Re1 Bxh3 16. Bxd5 Qxd5 17. Rxe7 Qh5 18. Qxh6 Qxh6 19. Re1 Bg4+ 20. Nh2 Bd7
21. Kg1 Qb6 22. b3 Qc5 23. Ra2 Re8 24. Rxe8+ Bxe8 25. Nd2 Bc6 26. Nhf1 h5 27.
Ne3 h4 28. a4 Qg5 29. Ne4 Qg6 30. f3 f5 31. Nd2 h3 32. Ra1 Bd7 33. f4 Bc6 34.
Kf2 hxg2 35. Rg1 Qh6 36. Nxg2 Bxg2 37. Rxg2 Qxf4+ 38. Nf3 c6 39. d4 Qe4 40. Kg3
g6 41. Rd2 f4+ 42. Kf2 Qe3+ 43. Kg2 g5 44. Rd3 Qe2+ 45. Kh3 Qxc2 46. Ne5 Qe2
47. Rf3 Qe4 48. Kg4 Qxd4 49. Kf5 Qd8 50. Rd3 Qe7 51. Rd7 Qf8+ 52. Kxg5 f3 53.
Ng6 Qc5+ 54. Kf6 Qc3+ 55. Kg5 f2 56. Rd8+ Kh7 57. Rd7+ Qg7 0-1

[Event "CZECH OPEN 2011 "]
[Site "Pardubice (CZE)"]
[Date "2011.07.23"]
[Round "2.29"]
[White "Totsky, Leonid"]
[Black "Dmitrenko, Victor"]
[Result "0-1"]
[WhiteElo "2484"]
[BlackElo "2353"]
[PlyCount "74"]
[EventDate "2011.07.22"]

1. e3 e5 2. c4 Nc6 3. Nc3 Nf6 4. Nf3 Bb4 5. Qc2 Bxc3 6. Qxc3 Qe7 7. a3 a5 8. b3
O-O 9. d3 d5 10. Be2 e4 11. dxe4 Nxe4 12. Qc2 dxc4 13. Bxc4 Bf5 14. Bb2 a4 15.
O-O axb3 16. Bxb3 Ng3 17. Qd2 Rfd8 18. Qxd8+ Rxd8 19. hxg3 Na5 20. Ba2 Be6 21.
Bc3 Bxa2 22. Bxa5 Bd5 23. Rfc1 b6 24. Bc3 Be4 25. a4 c5 26. Nd2 Bd3 27. Ra2 h6
28. Ra3 Qe6 29. Rca1 Ba6 30. Nf3 Bb7 31. Ne1 Be4 32. Nf3 Ra8 33. Nd2 Bc6 34.
Nf3 Qe4 35. Rb3 Qc2 36. Rab1 Bxa4 37. Ne1 Qxb3 0-1

[Event "CZECH OPEN 2011 "]
[Site "Pardubice (CZE)"]
[Date "2011.07.23"]
[Round "2.30"]
[White "Graf, Felix"]
[Black "Saric, Ante"]
[Result "0-1"]
[WhiteElo "2352"]
[BlackElo "2483"]
[PlyCount "86"]
[EventDate "2011.07.22"]

1. d4 Nf6 2. c4 e6 3. Nf3 Bb4+ 4. Nbd2 O-O 5. a3 Be7 6. e4 d5 7. e5 Nfd7 8. b4
a5 9. b5 c5 10. cxd5 exd5 11. Bd3 Re8 12. O-O b6 13. Re1 Nf8 14. Nf1 Ne6 15.
Ne3 Bb7 16. Nf5 Nd7 17. h4 cxd4 18. Ng5 Nxg5 19. Nxe7+ Qxe7 20. Bxg5 Qf8 21.
Bf4 Nc5 22. Bf5 Bc8 23. Bc2 Bd7 24. Qxd4 Bxb5 25. Qxd5 Rad8 26. Qf3 Bd3 27.
Bxd3 Nxd3 28. Re3 Nxf4 29. Qxf4 Qc5 30. Rae1 Rd4 31. Qg5 h6 32. Qg3 Qc4 33. Rc3
Qe6 34. h5 Qf5 35. Qh3 Rxe5 36. Rc8+ Kh7 37. Qxf5+ Rxf5 38. Rb8 b5 39. Rb1 Rdd5
40. g4 Rf4 41. R8xb5 Rxg4+ 42. Kf1 Rgg5 43. a4 Rxh5 0-1